000 04617nam0a2200433 4500
001 RU\NLR\BIBL_A\012904968
005 20221205113533.0
010 _a978-5-7422-7661-6
_950
021 _aRU
_bКН-П-22-056441
_9КН-П-22-4895
035 _a(NLR Aleph) 012904968
035 _a(RuMoRGB)011187652
090 _a12594555
_c12594555
100 _a20221007d2022 u y0rusy50 ca
101 0 _arus
_deng
102 _aRU
105 _aa j 000zy
181 0 _ai3
_baxxe
182 0 _an
200 1 _aАрхитектура предприятия и цифровая трансформация
_dEnterprise architecture and digital transformation
_eучебное пособие
_fИ. В. Ильин, А. А. Лепехин, А. Д. Борреманс [и др.]
_gМинистерство науки и высшего образования Российской Федерации, Санкт-Петербургский политехнический университет Петра Великого, Институт промышленного менеджмента, экономики и торговли, Высшая школа бизнес-инжиниринга
_zeng
203 _aТекст
_bвизуальный
_cнепосредственный
210 _aСанкт-Петербург
_cПолитех-Пресс
_d2022
215 _a73 с.
_cил., цв. ил.
_d20
300 _aАвт. указаны на обороте тит. с.
300 _aРез. на англ. яз.
320 _aБиблиогр.: с. 71-73 (31 назв.)
330 _aУчебное пособие соответствует содержанию дисциплины "Архитектура предприятия" федерального государственного образовательного стандарта по направлению 38.03.05 "Бизнес-информатика". Современные предприятия представляют собой сложную организационную структуру, которая активно развивается в эпоху цифровизации. Это означает, что все большую ценность обретают управленческие навыки, позволяющие анализировать предприятие в целом, руководить корпоративным развитием компании с учетом деловых и технологических аспектов различных отраслей, а также обеспечивающие основу для координации различных стейкхолдеров предприятия. Данное учебное пособие описывает мощный инструмент, основанный на мировом стандарте, для создания, внедрения и развития комплексного видения бизнеса с разных точек зрения и выявления узких мест для реализации стратегии выравнивания бизнеса и ИТ, - архитектуру предприятия. Учебное пособие предназначено для студентов вузов, обучающихся по образовательному направлению подготовки бакалавров "Бизнес-информатика"
510 1 _aEnterprise architecture and digital transformation
_zeng
606 1 _aПредприятия
_xУправление
_xИнформационное обеспечение
_jУчебные издания для высших учебных заведений
_2nlr_sh1
_2nlr_sh2
_3RU\NLR\AUTH\661360923
686 1 _aУ21(0)91ф.я73
686 1 _aУ21(0)91в612я73
701 1 _aИльин
_bИ. В.
_cд-р экон. наук
_gИгорь Васильевич
_3RU\NLR\AUTH\7725757
701 1 _aЛепехин
_bА. А.
_gАлександр Андреевич
701 1 _aБорреманс
_bА. Д.
_gАлександра Дирковна
712 0 2 _aСанкт-Петербургский политехнический университет Петра Великого
_bИнститут промышленного менеджмента, экономики и торговли
_bВысшая школа бизнес-инжиниринга
_3RU\NLR\AUTH\880574266
_4570
942 _cBOOK
980 _aNB